| 000 | 00391 a2200169 4500 | ||
|---|---|---|---|
| 001 | 81544 | ||
| 020 | _a9781857421354 | ||
| 082 | _a629.1341 HAW | ||
| 090 |
_c39779 _d39779 |
||
| 100 | _aFrank H Hawkins | ||
| 245 | _aHuman Factors in Flight 2nd/Ed | ||
| 250 | _a2 | ||
| 260 |
_aEngland _bAshgate _c2010 |
||
| 300 | _a384 | ||
| 500 | _aDOS BS Reference Books | ||
| 505 | _aAHQ Books | ||
| 942 |
_aCAENUST _k629.1341 HAW |
||
| 999 |
_c316617 _d316617 |
||